| 000 | 00911nas a2200301 4500 | ||
|---|---|---|---|
| 001 | BR0705996 | ||
| 003 | BR-BrBNA | ||
| 005 | 20231205111234.0 | ||
| 007 | ta | ||
| 008 | 230509b bl.|||p| |||| 00| 00por d | ||
| 040 |
_aBR-BrBNA _bpor _cBiblioteca Nacional de Agricultura |
||
| 041 | _a(Pt) | ||
| 072 | _aL73 | ||
| 100 | 1 | _aLara, M. do C. C. de S. H. | |
| 100 | 1 | _aCunha, E.M.S. | |
| 100 | 1 | _aFerrari, C.I. | |
| 100 | 1 | _aGregory, L. | |
| 100 | 1 | _aCastro, A.F. de | |
| 100 | 1 | _aSilva, L.H.Q. | |
| 100 | 1 | _aFernandes, W.R. | |
| 100 | 1 | _aBirgel, E.H. | |
| 245 | 1 | _aOcorrência de anticorpos contra o vírus da arterite dos eqüinos em cavalos criados na região de Araçatuba, SP | |
| 650 | _aEQUINO | ||
| 650 | _aARTERITE | ||
| 773 | 0 |
_tVeterinária Notícias (Brazil) _xISSN 0104-3463 _g(2003), v. 9(3) p. 69-73 _wBR0705996 |
|
| 909 |
_a202311 _bLúcia _c55 _dLúcia Elande |
||
| 942 |
_2AGRIS _n0 _cANA |
||
| 999 |
_c191545 _d191545 |
||